000 00505nam a22001817a 4500
999 _c5961
_d5961
003 AR-CdUCM
008 190313b ||||| |||| 00| 0 spa d
040 _aMUNICIPALIDAD PROVINCIAL DEL CUSCO
_cBIBLIOTECA MUNICIPAL DEL CUSCO
082 _23ed.
_a868.6 /
_bA366
100 _aAleixandre, Vicente
_96916
245 _aPoemas amorosos /
260 _aBueno Aires :
_bLosada,
_c1977
300 _a120 páginas
_c18 cm.
500 _zPoemas.
650 _aPoemas.
_9929
942 _2ddc
_cLIBROS
945 _awfj